| 000 | 00917cab a2200277 4500 | ||
|---|---|---|---|
| 001 | ABS57464 | ||
| 008 | 090401t1997 xxu||||| |||| 00| 0 eng d | ||
| 035 | _a(Sirsi) u80206 | ||
| 041 | _aeng | ||
| 100 | _aWarren, M. | ||
| 245 | 4 | _aThe Environment Act 1995 and the contaminated land provisions | |
| 260 | _c1997 | ||
| 350 | _a0 | ||
| 490 |
_aEnvironmental Policy and Practice _v7(1) 1997, 5-10(6) |
||
| 520 | _aExamines the provisions of the Environment Act 1995 relating to contaminated land. Found in Part II and Schedule 22 of the Act, they are expected to be in force in or around Autumn 1997. | ||
| 650 | _aCONTAMINATED LAND | ||
| 650 | _aENVIRONMENT ACT 1995 | ||
| 650 | _aGUIDANCE | ||
| 650 | _aLIABILITY | ||
| 650 | _aMIGRATING CONTAMINANTS | ||
| 650 | _aREMEDIATION | ||
| 650 | _aSUITABLE FOR USE | ||
| 690 | _aENVIRONMENTAL AND LAND CONSULTANCY | ||
| 942 | _n0 | ||
| 948 | _c11/08/1997 | ||
| 999 |
_c50479 _d50479 |
||